000 00765na a2200253 4500
001 13590
003 MIRAKIL
005 20181213155119.0
008 161102b tu 000 0
020 _a0195215621
035 _a13590
040 _aMilas
_btur
_cTR-AnCHP
041 _aeng
082 _a361.614
_bH85 1999
090 _a361.614 H85 1999
245 _aHuman development report 1999
_cUnited Nations Development Programme (UNDP)
260 _aNew York
_bUnited Nations Development Programme
_c1999
300 _a262 s.
_btbl.
_c28 sm.
504 _aKaynakça ve dizin var.
650 _aİnsan hakları
_xRaporlar
650 _aToplumsal refah
_xBirleşmiş Milletler
710 _aUnited Nations Development Programme (UNDP)
942 _2ddc
_cBKS
999 _c6788
_d6788